Ice age collision course: the junior novel (Record no. 9137)

MARC details
000 -LEADER
fixed length control field 00868nam a22001937a 4500
003 - CONTROL NUMBER IDENTIFIER
control field OSt
005 - DATE AND TIME OF LATEST TRANSACTION
control field 20260316025322.0
008 - FIXED-LENGTH DATA ELEMENTS--GENERAL INFORMATION
fixed length control field 260316b |||||||| |||| 00| 0 eng d
020 ## - INTERNATIONAL STANDARD BOOK NUMBER
International Standard Book Number 978-1-4998-0309-9
040 ## - CATALOGING SOURCE
Original cataloging agency DWCL GS lib
Transcribing agency OC
082 ## - DEWEY DECIMAL CLASSIFICATION NUMBER
Classification number I15 2016
245 ## - TITLE STATEMENT
Title Ice age collision course: the junior novel
260 ## - PUBLICATION, DISTRIBUTION, ETC.
Place of publication, distribution, etc. New York
Name of publisher, distributor, etc. Sizzle Press, a division of Bonnier Publishing,
Date of publication, distribution, etc. 2016
300 ## - PHYSICAL DESCRIPTION
Extent 119 p
Dimensions 19 cm
520 ## - SUMMARY, ETC.
Summary, etc. follows Manny, Sid, Diego, and their herd as they tackle a cosmic threat caused by Scrat’s space-faring acorn pursuit, which sends an asteroid toward Earth.
650 ## - SUBJECT ADDED ENTRY--TOPICAL TERM
Topical term or geographic name entry element Ice Age film franchise. It tells the story of the prehistoric herd navigating a cosmic crisis while managing major life changes, targeting readers aged 7-10.
650 ## - SUBJECT ADDED ENTRY--TOPICAL TERM
Topical term or geographic name entry element family, adaptation, and teamwork to overcome impending doom.
942 ## - ADDED ENTRY ELEMENTS (KOHA)
Source of classification or shelving scheme Dewey Decimal Classification
Koha item type Fiction
Suppress in OPAC No

No items available.